¡Viva mi cuerpo! : (Registro nro. 6494)

Detalles MARC
000 -LEADER
fixed length control field 00930nam a22002537a 4500
003 - CONTROL NUMBER IDENTIFIER
control field OSt
005 - DATE AND TIME OF LATEST TRANSACTION
control field 20200212103843.0
008 - FIXED-LENGTH DATA ELEMENTS--GENERAL INFORMATION
fixed length control field 200212s1992 ck a|||br|||| 00| j spa d
020 ## - INTERNATIONAL STANDARD BOOK NUMBER
International Standard Book Number 9580701032
040 ## - CATALOGING SOURCE
Original cataloging agency CO-JMCR
Transcribing agency CO-JMCR
041 1# - LANGUAGE CODE
Language code of text/sound track or separate title spa
Language code of original eng
082 04 - DEWEY DECIMAL CLASSIFICATION NUMBER
Classification number C /
Item number HEBv
100 1# - MAIN ENTRY--PERSONAL NAME
Personal name Hébert, Marie-Francine,
Relator term autora
9 (RLIN) 470
245 11 - TITLE STATEMENT
Title ¡Viva mi cuerpo! :
Remainder of title una introducción a la anatomía humana /
Statement of responsibility, etc. Marie-Francine Hébert ; ilustrado por Darcia Labrosse ; traducción, Cipriano Camarero Gil
260 ## - PUBLICATION, DISTRIBUTION, ETC.
Place of publication, distribution, etc. Medellín :
Name of publisher, distributor, etc. Edilux Ediciones,
Date of publication, distribution, etc. @1992
300 ## - PHYSICAL DESCRIPTION
Extent 24 páginas :
Other physical details principalmente ilustraciones a color ;
Dimensions 22 cm.
490 0# - SERIES STATEMENT
Series statement Primeros pasos
546 ## - LANGUAGE NOTE
Language note Traducido del inglés
650 14 - SUBJECT ADDED ENTRY--TOPICAL TERM
Topical term or geographic name entry element Cuentos infantiles
9 (RLIN) 471
650 14 - SUBJECT ADDED ENTRY--TOPICAL TERM
Topical term or geographic name entry element Anatomía humana
General subdivision cuentos infantiles
9 (RLIN) 472
700 1# - ADDED ENTRY--PERSONAL NAME
Personal name Labrosse, Darcia,
Relator term ilustradora
9 (RLIN) 473
700 1# - ADDED ENTRY--PERSONAL NAME
Personal name Camarero Gil, Cipriano,
Relator term traductor
9 (RLIN) 474
942 ## - ADDED ENTRY ELEMENTS (KOHA)
Source of classification or shelving scheme Dewey Decimal Classification
Koha item type Books
Existencias
Withdrawn status Lost status Source of classification or shelving scheme Damaged status Not for loan Collection code Home library Current library Shelving location Date acquired Source of acquisition Cost, normal purchase price Total Checkouts Full call number Barcode Date last seen Date last checked out Copy number Price effective from Koha item type
    Dewey Decimal Classification     Fiction Biblioteca Pública José María del Castillo y Rada Biblioteca Pública José María del Castillo y Rada Processing Center 12/19/2019 Donación 0.00 1 C / HEBv 201809717 03/23/2022 03/22/2022 Ej.1 02/12/2020 Books